[Event "GER-ch U14"]
[Site "Willingen"]
[Date "2020.10.24"]
[Round "7"]
[White "Hommer, Jeremy"]
[Black "Stork, Christopher"]
[Result "1-0"]
[WhiteElo "2246"]
[BlackElo "1869"]
[PlyCount "97"]
[EventDate "2020.10.19"]
[EventType "swiss"]
[EventRounds "7"]
[EventCountry "GER"]
[SourceTitle "EXT 2022"]
[Source "ChessBase"]
[SourceDate "2021.10.06"]
[SourceVersion "1"]
[SourceVersionDate "2021.10.06"]
[SourceQuality "1"]

1. g3 Nf6 2. Bg2 g6 3. e4 d6 4. d4 Bg7 5. Ne2 0-0 6. 0-0 c6 7. a4 a5 8. Nbc3 e5 9. h3 Nbd7 10. Be3 Qe7 11. Qd2 Re8 12. Rad1 Nf8 13. d5 cxd5 14. Nxd5 Nxd5 15. Qxd5 Ra6 16. Nc3 Be6 17. Qd2 Rc8 18. Nb5 Bc4 19. Nxd6 Rxd6 20. Qxd6 Qxd6 21. Rxd6 Bxf1 22. Bxf1 Rxc2 23. Rb6 Ne6 24. Rxb7 Bf8 25. b3 Nc5 26. Rc7 Rc3 27. Bc4 Nxe4 28. Bxf7+ Kh8 29. Rxc3 Nxc3 30. Bd2 Bb4 31. Bh6 Ne4 32. Bd5 Nf6 33. Bc4 Ne4 34. Kg2 Nd6 35. g4 Ne4 36. Kf3 Nf6 37. Ke2 Ne4 38. f3 Nf6 39. Kd3 Nd7 40. Ke4 Bc3 41. Kd3 Bd4 42. Bd2 Bb6 43. Ke4 Kg7 44. Kd5 Bd4 45. Bxa5 Nf6+ 46. Ke6 h5 47. Bd8 Nh7 48. a5 hxg4 49. hxg4 1-0

[Event "DSOL 07 Liga Gr-C 1st"]
[Site "Playchess.com INT"]
[Date "2020.08.10"]
[Round "2.1"]
[White "Riegel, Norbert"]
[Black "Stork, Christopher"]
[Result "1/2-1/2"]
[WhiteElo "1648"]
[BlackElo "1863"]
[PlyCount "99"]
[EventDate "2020.06.22"]
[EventType "team-tourn (rapid)"]
[EventCountry "GER"]
[SourceTitle "EXT 2021"]
[Source "ChessBase"]
[SourceDate "2020.10.23"]
[SourceVersion "1"]
[SourceVersionDate "2020.10.23"]
[SourceQuality "1"]
[WhiteTeam "Langen II"]
[BlackTeam "Oberursel III"]
[WhiteTeamCountry "GER"]
[BlackTeamCountry "GER"]

1. e4 c5 2. Nf3 e6 3. d3 Nc6 4. Nc3 Nf6 5. Bg5 Be7 6. Be2 0-0 7. 0-0 d5 8. exd5 exd5 9. d4 cxd4 10. Nxd4 Qb6 11. Ndb5 Rd8 12. Bxf6 Bxf6 13. Nxd5 Qc5 14. Nxf6+ gxf6 15. Qc1 Bf5 16. c3 a6 17. Na3 Re8 18. Bf3 Ne5 19. Qf4 Ng6 20. Qc4 Qb6 21. b3 Rac8 22. Qd5 Ne5 23. Qxb7 Qxb7 24. Bxb7 Rc7 25. Bxa6 Ra8 26. Nb5 Rd7 27. Nd4 Be4 28. Bb5 Rc7 29. c4 Rd8 30. Rad1 Bd3 31. Nf5 Ra8 32. Rxd3 Nxd3 33. Rd1 Rxa2 34. f3 Rc5 35. g4 Rxf5 36. gxf5 Ne5 37. Rf1 Ra3 38. Ba4 Nxc4 39. bxc4 Rxa4 40. Rc1 Kf8 41. c5 Ke7 42. Kf2 Kd7 43. Kg3 Kc6 44. f4 h5 45. h3 Ra3+ 46. Kg2 Ra2+ 47. Kg3 Ra3+ 48. Kg2 Ra2+ 49. Kf3 Ra3+ 50. Kg2 1/2-1/2

[Event "DSOL 07 Liga Gr-C 1st"]
[Site "Playchess.com INT"]
[Date "2020.07.27"]
[Round "6.1"]
[White "Kirchmann, Michael"]
[Black "Stork, Christopher"]
[Result "0-1"]
[WhiteElo "1592"]
[BlackElo "1863"]
[PlyCount "107"]
[EventDate "2020.06.22"]
[EventType "team-tourn (rapid)"]
[EventCountry "GER"]
[SourceTitle "EXT 2021"]
[Source "ChessBase"]
[SourceDate "2020.10.23"]
[SourceVersion "1"]
[SourceVersionDate "2020.10.23"]
[SourceQuality "1"]
[WhiteTeam "Bickenbach II"]
[BlackTeam "Oberursel III"]
[WhiteTeamCountry "GER"]
[BlackTeamCountry "GER"]

1. d4 Nf6 2. c4 c5 3. d5 g6 4. Nc3 Bg7 5. e4 d6 6. Bd3 0-0 7. Nge2 Na6 8. a3 e6 9. f3 Nc7 10. Be3 a6 11. 0-0 Re8 12. Qd2 Rb8 13. Bh6 Bh8 14. Rab1 b5 15. b4 exd5 16. cxd5 c4 17. Bc2 Bg7 18. Bxg7 Kxg7 19. Nd4 Bd7 20. a4 Ra8 21. axb5 axb5 22. Ra1 Qe7 23. Nce2 Qe5 24. Rxa8 Rxa8 25. f4 Qh5 26. Ng3 Qh6 27. Qc3 Re8 28. Qf3 Bg4 29. Qf2 Bd7 30. Qf3 Bg4 31. Qf2 Nd7 32. h3 Bxh3 33. gxh3 Qxh3 34. Qh2 Qxh2+ 35. Kxh2 Ra8 36. f5 Ra2 37. fxg6 hxg6 38. Kh3 Ne5 39. Rg1 Kf8 40. Rf1 Kg7 41. Rg1 Kh7 42. Rf1 Na6 43. Nc6 Rxc2 44. Nxe5 dxe5 45. Rxf7+ Kg8 46. Ra7 Nxb4 47. Rb7 c3 48. Rxb5 Nd3 49. Rb8+ Kf7 50. Rc8 Kf6 51. Nf1 Nf4+ 52. Kg4 Rf2 53. Ng3 c2 54. Rc7 0-1

[Event "DSOL 07 Liga Gr-C 1st"]
[Site "Playchess.com INT"]
[Date "2020.07.13"]
[Round "4.1"]
[White "Kirschfink, Bernd"]
[Black "Stork, Christopher"]
[Result "0-1"]
[WhiteElo "1477"]
[BlackElo "1863"]
[PlyCount "92"]
[EventDate "2020.06.22"]
[EventType "team-tourn (rapid)"]
[EventCountry "GER"]
[SourceTitle "EXT 2021"]
[Source "ChessBase"]
[SourceDate "2020.10.23"]
[SourceVersion "1"]
[SourceVersionDate "2020.10.23"]
[SourceQuality "1"]
[WhiteTeam "Seelscheid"]
[BlackTeam "Oberursel III"]
[WhiteTeamCountry "GER"]
[BlackTeamCountry "GER"]

1. d4 Nf6 2. c4 c5 3. d5 g6 4. Nc3 Bg7 5. Bd2 0-0 6. Nf3 d6 7. Rb1 Na6 8. e4 e6 9. Bd3 Nc7 10. 0-0 a6 11. b3 Rb8 12. a4 e5 13. h3 a5 14. Qc1 Nh5 15. Bh6 f5 16. Bxg7 Kxg7 17. exf5 gxf5 18. Be2 Nf4 19. Qe3 Rf6 20. Nh4 Rh6 21. Qg3+ Kh8 22. Nf3 Rg6 23. Qh4 Rxg2+ 24. Kh1 Qxh4 25. Nxh4 Rg5 26. Rg1 Nxh3 27. Rxg5 Nxg5 28. Nf3 Nxf3 29. Bxf3 Bd7 30. Kg2 Rg8+ 31. Kf1 Kg7 32. Ke2 Kf6 33. Ke3 e4 34. Be2 Ke5 35. f4+ exf3 36. Bxf3 f4+ 37. Kd3 Rg3 38. Rf1 Bf5+ 39. Kd2 b6 40. Ne2 Rh3 41. Bg2 Rxb3 42. Nxf4 Rb2+ 43. Kc3 Rc2+ 44. Kb3 Rd2 45. Kc3 Rd4 46. Rf2 Rxf4 0-1

[Event "GER-ch Net Amateur Gr-B Final"]
[Site "Playchess.com INT"]
[Date "2020.04.18"]
[Round "3"]
[White "Mischke, Christian"]
[Black "Stork, Christopher"]
[Result "0-1"]
[WhiteElo "1766"]
[BlackElo "1861"]
[PlyCount "90"]
[EventDate "2020.04.18"]
[EventType "swiss (blitz)"]
[EventRounds "13"]
[EventCountry "GER"]
[SourceTitle "CBM 195 Extra"]
[Source "ChessBase"]
[SourceDate "2020.05.31"]
[SourceVersion "1"]
[SourceVersionDate "2020.05.31"]
[SourceQuality "1"]

1. d4 Nf6 2. Nf3 g6 3. e3 Bg7 4. Bd3 0-0 5. c4 d5 6. Nc3 c6 7. b3 Nbd7 8. Ba3 Re8 9. 0-0 e5 10. dxe5 Nxe5 11. Nxe5 Rxe5 12. Bb2 Re8 13. Qc2 dxc4 14. Bxc4 Bf5 15. Qe2 b5 16. Rfd1 Qb6 17. Bd3 Bg4 18. f3 Rxe3 19. Qf2 Bf5 20. Bxf5 gxf5 21. a4 Rae8 22. Kf1 b4 23. Nb1 Qa6+ 24. Kg1 Re2 25. Qf1 Qb6+ 26. Bd4 c5 27. Bf2 Nd5 28. Rxd5 Bxa1 29. Nd2 Rxf2 30. Qxf2 Bd4 31. Rxd4 cxd4 32. Nc4 Qe6 33. Qg3+ Qg6 34. Qxg6+ hxg6 35. Kf2 f6 36. g3 Kf8 37. h4 Re6 38. f4 Ke7 39. Nd2 Kd7 40. Nf3 d3 41. Nd4 Re4 42. Nf3 Kd6 43. g4 fxg4 44. Ng1 f5 45. Kg3 d2 0-1

[Event "GER-ch Net Amateur Gr-B Final"]
[Site "Playchess.com INT"]
[Date "2020.04.18"]
[Round "6"]
[White "Stork, Christopher"]
[Black "Friedrich, Karl"]
[Result "1-0"]
[WhiteElo "1861"]
[BlackElo "1770"]
[PlyCount "47"]
[EventDate "2020.04.18"]
[EventType "swiss (blitz)"]
[EventRounds "13"]
[EventCountry "GER"]
[SourceTitle "CBM 195 Extra"]
[Source "ChessBase"]
[SourceDate "2020.05.31"]
[SourceVersion "1"]
[SourceVersionDate "2020.05.31"]
[SourceQuality "1"]

1. e4 e6 2. d4 d5 3. Nc3 Bb4 4. Bd3 c5 5. exd5 cxd4 6. Bb5+ Bd7 7. Bxd7+ Qxd7 8. Qxd4 Bxc3+ 9. Qxc3 Qxd5 10. Qxg7 Qe4+ 11. Ne2 Nc6 12. Bg5 Qe5 13. Qxe5 Nxe5 14. 0-0-0 h6 15. Bf4 Ng4 16. Rhf1 Rh7 17. f3 N4f6 18. Rd2 Nd5 19. Be5 0-0-0 20. Rfd1 f6 21. Bg3 Rhd7 22. Nd4 Ne3 23. Nb5 Nxd1 24. Nxa7# 1-0

[Event "GER-ch Net Amateur Gr-B Vor3"]
[Site "Playchess.com INT"]
[Date "2020.04.16"]
[Round "5"]
[White "Stork, Christopher"]
[Black "Schaper, Jan Erik"]
[Result "1-0"]
[WhiteElo "1916"]
[BlackElo "1696"]
[PlyCount "81"]
[EventDate "2020.04.16"]
[EventType "swiss (blitz)"]
[EventRounds "9"]
[EventCountry "GER"]
[SourceTitle "CBM 195 Extra"]
[Source "ChessBase"]
[SourceDate "2020.05.31"]
[SourceVersion "1"]
[SourceVersionDate "2020.05.31"]
[SourceQuality "1"]

1. e4 c6 2. d4 d5 3. e5 Bf5 4. h4 Bd7 5. Nf3 e6 6. Bd3 c5 7. c3 cxd4 8. cxd4 Bb4+ 9. Bd2 Qa5 10. a3 Bxd2+ 11. Nbxd2 Bb5 12. Qe2 Bxd3 13. Qxd3 Qa6 14. Qxa6 Nxa6 15. 0-0 Ne7 16. Rac1 h6 17. Nb3 Kd7 18. Nc5+ Nxc5 19. Rxc5 Rac8 20. Rfc1 Rxc5 21. Rxc5 Rc8 22. Rxc8 Kxc8 23. Kf1 Kc7 24. Ke2 Kb6 25. Kd3 Kb5 26. b3 a5 27. g4 Ng6 28. h5 Ne7 29. Nd2 Nc6 30. Nb1 Na7 31. Nc3+ Kc6 32. f4 b5 33. Ne2 b4 34. a4 Kc7 35. f5 Kd7 36. Nf4 Nc6 37. f6 gxf6 38. exf6 e5 39. Nxd5 Nxd4 40. g5 hxg5 41. h6 1-0

[Event "GER-ch Net Amateur Gr-B Vor3"]
[Site "Playchess.com INT"]
[Date "2020.04.16"]
[Round "9"]
[White "Toepper, Olaf"]
[Black "Stork, Christopher"]
[Result "1-0"]
[WhiteElo "1634"]
[BlackElo "1887"]
[PlyCount "37"]
[EventDate "2020.04.16"]
[EventType "swiss (blitz)"]
[EventRounds "9"]
[EventCountry "GER"]
[SourceTitle "CBM 195 Extra"]
[Source "ChessBase"]
[SourceDate "2020.05.31"]
[SourceVersion "1"]
[SourceVersionDate "2020.05.31"]
[SourceQuality "1"]

1. d4 Nf6 2. Bf4 d6 3. Nc3 g6 4. e4 Bg7 5. h4 0-0 6. h5 Nxh5 7. Rxh5 gxh5 8. Qxh5 Re8 9. 0-0-0 e6 10. e5 d5 11. Bd3 h6 12. Bxh6 Bxh6+ 13. Qxh6 f5 14. exf6 Qd7 15. Nf3 Nc6 16. Rg1 Nb4 17. Bg6 Rf8 18. Rh1 Rxf6 19. Qh8# 1-0